عرض عادي عرض مارك
  • الإسلام

مدخل مصطلح موضوعي

عدد التسجيلات المستخدمة في: 1

001 - رقم الضبط

  • حقل الضبط: 55196

003 - معرف رقم الضبط

  • حقل الضبط: OSt

005 - تاريخ ووقت أخر عملية

  • حقل الضبط: 20160509133830.0

008 - عناصر بيانات ثابتة الطول

  • حقل تحكم ثابت الطول: 160509|| aca||aabn | a|a d

040 ## - مصدر الفهرسة

  • هيئة الفهرسة الأصلية: OSt
  • وكالة الكتابة: OSt

150 ## - مدخل-- مصطلح تاريخي

  • عنصر مدخل المصطلح الموضوعي او الاسم الجغرافي: الإسلام
  • تفريع عام: دفع مطاعن

670 ## - بيانات المصدر موجوده

  • الاستشهاد بالمصدر: Work cat.: (OSt)39343: الزغبي، محمد عبد الملك 54839, موسوعة رد العلماء علي الملاحدة والجهلاء /, 2015.